000 00301 a2200145 4500
001 180864
020 _a
040 _cMagnum
100 _a-
240 1 0 _aClassicos da juventude/v.5
_lpor
245 1 0 _aClassicos da juventude/v.5
362 0 _a1899
697 _aMAGNITO: IJ/CONTOS
942 _cBK
999 _c180864
_d180864